[Event "Vojvodina op 15th"]
[Site "Novi Sad"]
[Date "2025.07.02"]
[Round "9"]
[White "Udovenko, Daniel"]
[Black "Ucoluk, Umut"]
[Result "1/2-1/2"]
[WhiteElo "2013"]
[BlackElo "1919"]
[PlyCount "47"]
[EventDate "2025.06.25"]
[EventType "swiss"]
[EventRounds "9"]
[EventCountry "SRB"]
[SourceTitle "CB27_2025"]
[SourceDate "2025.07.02"]
[SourceVersion "1"]
[SourceVersionDate "2025.07.02"]
[SourceQuality "1"]

1. d4 d5 2. c4 e6 3. Nc3 Nf6 4. cxd5 exd5 5. Bg5 c6 6. e3 Bd6 7. Bd3 0-0 8. Qc2 h6 9. Bh4 a5 10. Nf3 Re8 11. a3 Na6 12. 0-0 Bg4 13. Nd2 Bd7 14. Bf5 Bxf5 15. Qxf5 Re6 16. Nf3 Qe7 17. Rfe1 Re8 18. Kh1 Qf8 19. Bg3 Bxg3 20. hxg3 g6 21. Qc2 Ng4 22. Kg1 Qe7 23. Nh2 h5 24. Qd1 1/2-1/2

[Event "Vojvodina op 15th"]
[Site "Novi Sad"]
[Date "2025.06.29"]
[Round "5"]
[White "Ucoluk, Umut"]
[Black "Petrusic, Velimir"]
[Result "1-0"]
[WhiteElo "1919"]
[BlackElo "2033"]
[PlyCount "127"]
[EventDate "2025.06.25"]
[EventType "swiss"]
[EventRounds "9"]
[EventCountry "SRB"]
[SourceTitle "CB27_2025"]
[SourceDate "2025.07.02"]
[SourceVersion "1"]
[SourceVersionDate "2025.07.02"]
[SourceQuality "1"]

1. e4 e6 2. d4 d5 3. e5 c5 4. Nf3 cxd4 5. Bd3 Nc6 6. 0-0 Bc5 7. Re1 Nge7 8. Nbd2 Ng6 9. Nb3 Bb6 10. g3 0-0 11. Bxg6 fxg6 12. Bf4 Bd7 13. Nbxd4 Nxd4 14. Nxd4 Rxf4 15. gxf4 Qh4 16. Re3 Rf8 17. c3 Rxf4 18. Rg3 Bxd4 19. cxd4 Rxd4 20. Qb3 Rb4 21. Qc3 Bc6 22. Qc5 Rf4 23. Qd6 Kf7 24. Rd1 Qe7 25. Qxe7+ Kxe7 26. Rgd3 Re4 27. Re3 Rxe3 28. fxe3 g5 29. Rf1 h5 30. h3 Be8 31. Kg2 Bg6 32. Kg3 Bd3 33. Rc1 Kd7 34. h4 g4 35. Kf4 Be4 36. Rc3 g6 37. Rc1 Bf3 38. Rc3 Bg2 39. Rc2 Be4 40. Rc1 Bf5 41. Rc3 a5 42. a3 a4 43. Rc1 b5 44. Rc5 Bd3 45. Rc3 Bc4 46. Kg5 g3 47. Rc1 g2 48. Rg1 Bf1 49. Kxg6 d4 50. exd4 Kc6 51. Kxh5 Kd5 52. Kg4 Kxd4 53. Kf4 Kc4 54. h5 Kb3 55. h6 Kxb2 56. h7 Kxa3 57. h8Q b4 58. Ke3 b3 59. Kd2 Kb2 60. Qh4 a3 61. Qe1 Ka2 62. Kc3 b2 63. Kc2 Bd3+ 64. Kxd3 1-0

[Event "Vojvodina op 15th"]
[Site "Novi Sad"]
[Date "2025.06.26"]
[Round "2"]
[White "Stanojevic, Ilija"]
[Black "Ucoluk, Umut"]
[Result "1-0"]
[WhiteElo "2189"]
[BlackElo "1919"]
[PlyCount "77"]
[EventDate "2025.06.25"]
[EventType "swiss"]
[EventRounds "9"]
[EventCountry "SRB"]
[SourceTitle "CB27_2025"]
[SourceDate "2025.07.02"]
[SourceVersion "1"]
[SourceVersionDate "2025.07.02"]
[SourceQuality "1"]

1. e4 c5 2. Nf3 Nc6 3. Bb5 Nf6 4. Nc3 Qc7 5. 0-0 Nd4 6. Re1 a6 7. Bf1 d6 8. Nxd4 cxd4 9. Ne2 Nxe4 10. Nxd4 Nf6 11. b3 g6 12. a4 Bg7 13. a5 0-0 14. Bb2 Re8 15. Nf3 Bf5 16. c4 Rac8 17. d4 d5 18. c5 Ne4 19. b4 f6 20. Qb3 Red8 21. Rad1 Kh8 22. h3 Be6 23. Rxe4 dxe4 24. Qxe6 exf3 25. d5 fxg2 26. Bxg2 Rd7 27. Re1 Rcd8 28. Qb6 Qc8 29. Bc3 Rf8 30. Qe6 Qc7 31. Bd4 Rfd8 32. Qb6 Qc8 33. Bc3 Rf8 34. b5 axb5 35. a6 bxa6 36. c6 Rdd8 37. Rxe7 Qf5 38. Qc7 Rg8 39. Rxg7 1-0

[Event "Zalakaros op 44th"]
[Site "Zalakaros"]
[Date "2025.06.01"]
[Round "9"]
[White "Pogany, Zsombor"]
[Black "Ucoluk, Umut"]
[Result "1/2-1/2"]
[WhiteElo "2213"]
[BlackElo "1911"]
[PlyCount "22"]
[EventDate "2025.05.24"]
[EventType "swiss"]
[EventRounds "9"]
[EventCountry "HUN"]
[SourceTitle "CB23_2025"]
[SourceDate "2025.06.04"]
[SourceVersion "1"]
[SourceVersionDate "2025.06.04"]
[SourceQuality "1"]

1. e4 c5 2. Nf3 Nc6 3. d4 cxd4 4. Nxd4 e5 5. Nb5 d6 6. N1c3 a6 7. Na3 Be7 8. Nc4 b5 9. Ne3 Nf6 10. g3 h5 11. Bg2 h4 1/2-1/2

[Event "Zalakaros op 44th"]
[Site "Zalakaros"]
[Date "2025.05.26"]
[Round "3"]
[White "Kiss, Mate Jozsef"]
[Black "Ucoluk, Umut"]
[Result "1-0"]
[WhiteElo "2227"]
[BlackElo "1911"]
[PlyCount "95"]
[EventDate "2025.05.24"]
[EventType "swiss"]
[EventRounds "9"]
[EventCountry "HUN"]
[SourceTitle "CB23_2025"]
[SourceDate "2025.06.04"]
[SourceVersion "1"]
[SourceVersionDate "2025.06.04"]
[SourceQuality "1"]

1. e4 c5 2. Nf3 Nc6 3. d4 cxd4 4. Nxd4 e5 5. Nb5 d6 6. N1c3 a6 7. Na3 Be7 8. Be3 Nf6 9. Nc4 b5 10. Nb6 Rb8 11. Nxc8 Qxc8 12. Be2 0-0 13. 0-0 h6 14. Qd3 Rd8 15. a3 Bf8 16. Bf3 Ne7 17. Rfd1 Qb7 18. g3 g6 19. Rd2 Bg7 20. Qe2 Rbc8 21. Rad1 Ne8 22. Nd5 Nxd5 23. Rxd5 Rc4 24. c3 Rdc8 25. Bg2 Bf8 26. R5d3 Nf6 27. f3 a5 28. Qd2 Kh7 29. Bh3 Rd8 30. Bf1 Rc6 31. Qf2 Ra8 32. Qe2 b4 33. cxb4 axb4 34. Rb3 Qc7 35. axb4 Rc2 36. Qd3 Rc8 37. b5 Qb7 38. b6 d5 39. Qa6 Qe7 40. b7 Rb8 41. exd5 e4 42. d6 Qe6 43. Rc3 Rxb2 44. d7 Qe5 45. Rc8 Qh5 46. Be2 exf3 47. Qxf6 Rxe2 48. Qxf7+ 1-0

[Event "Skopje op-A"]
[Site "Skopje"]
[Date "2024.12.14"]
[Round "5"]
[White "Ivanov, Andrey6"]
[Black "Ucoluk, Umut"]
[Result "1/2-1/2"]
[WhiteElo "1803"]
[BlackElo "1991"]
[PlyCount "43"]
[EventDate "2024.12.11"]
[EventType "swiss"]
[EventRounds "9"]
[EventCountry "MKD"]
[SourceTitle "CB52_2024"]
[SourceDate "2024.12.25"]
[SourceVersion "1"]
[SourceVersionDate "2024.12.25"]
[SourceQuality "1"]

1. d4 d5 2. Bf4 c5 3. e3 Nc6 4. c3 Qb6 5. Na3 c4 6. Qc1 Bf5 7. Nf3 e6 8. Nb1 Nf6 9. Nbd2 Rc8 10. Nh4 Bg4 11. h3 Bh5 12. g4 Bg6 13. Nxg6 hxg6 14. g5 Nd7 15. e4 e5 16. exd5 exf4 17. Nxc4 Qc7 18. dxc6 Qxc6 19. f3 Qxf3 20. Rh2 Be7 21. Rf2 Qd5 22. Qxf4 1/2-1/2

[Event "Mersin op 8th"]
[Site "Mersin"]
[Date "2024.11.11"]
[Round "2"]
[White "Ucoluk, Umut"]
[Black "Odeev, Handszar"]
[Result "0-1"]
[WhiteElo "2019"]
[BlackElo "2264"]
[PlyCount "94"]
[EventDate "2024.11.10"]
[EventType "swiss"]
[EventRounds "9"]
[EventCountry "TUR"]
[SourceTitle "CB47_2024"]
[SourceDate "2024.11.20"]
[SourceVersion "1"]
[SourceVersionDate "2024.11.20"]
[SourceQuality "1"]

1. e4 c5 2. Nf3 d6 3. c3 Nf6 4. Be2 g6 5. 0-0 Bg7 6. Bb5+ Nc6 7. Re1 0-0 8. h3 Qb6 9. a4 e5 10. Bc4 Qd8 11. d3 d5 12. exd5 Nxd5 13. Nbd2 b6 14. Ne4 Na5 15. Ba2 Kh8 16. Rb1 Nc6 17. Qb3 Ndb4 18. Bg5 Qc7 19. cxb4 Be6 20. Qd1 Bxa2 21. Ra1 Nxb4 22. b3 f5 23. Nc3 e4 24. Nxa2 Nxd3 25. Rb1 Nxe1 26. Nxe1 f4 27. Qg4 h6 28. Qh4 Kh7 29. Rd1 Rae8 30. g3 fxg3 31. fxg3 Qf7 32. Ng2 Qxb3 33. Rd7 Rf7 34. Nc1 Qe6 35. Rxf7 Qxf7 36. Ne2 Qd5 37. Bf6 Qd1+ 38. Kh2 Qxe2 39. Bxg7 Kxg7 40. Qf4 Qf3 41. Qc7+ Qf7 42. Qd6 e3 43. Qd3 e2 44. Qc3+ Qf6 45. Qe1 Qf1 46. Qc3+ Kh7 47. Ne1 Rf8 0-1

[Event "Thessaloniki SKG op-A 5th"]
[Site "Thessaloniki"]
[Date "2024.08.12"]
[Round "8"]
[White "Tsarsitalidis, Christos"]
[Black "Ucoluk, Umut"]
[Result "1-0"]
[WhiteElo "2210"]
[BlackElo "1949"]
[PlyCount "81"]
[EventDate "2024.08.06"]
[EventType "swiss"]
[EventRounds "9"]
[EventCountry "GRE"]
[SourceTitle "EXT 2025"]
[Source "ChessBase"]
[SourceDate "2024.10.14"]
[SourceVersion "1"]
[SourceVersionDate "2024.10.14"]
[SourceQuality "1"]

1. e4 c5 2. Nf3 Nc6 3. Bb5 g6 4. Bxc6 dxc6 5. d3 Bg7 6. h3 e5 7. 0-0 Ne7 8. Nc3 0-0 9. Be3 b6 10. Qd2 Qc7 11. Bh6 f6 12. h4 Be6 13. b3 Rad8 14. a4 c4 15. bxc4 Bxc4 16. Bxg7 Kxg7 17. Qe3 Be6 18. a5 b5 19. Nh2 a6 20. Ne2 Bc8 21. f4 exf4 22. Rxf4 c5 23. Raf1 Qd6 24. h5 g5 25. R4f2 h6 26. Ng3 Qe5 27. Qf3 Nc6 28. Ng4 Bxg4 29. Qxg4 Nxa5 30. Rf5 Qd4+ 31. Kh1 Qd7 32. e5 Nc6 33. exf6+ Kf7 34. c3 Rfe8 35. Ne4 Ne5 36. Nxg5+ hxg5 37. Qxg5 Rg8 38. Qh6 Rh8 39. Qg7+ Ke6 40. f7 Qd6 41. Rf6+ 1-0

[Event "Thessaloniki SKG op-A 5th"]
[Site "Thessaloniki"]
[Date "2024.08.06"]
[Round "1"]
[White "Ucoluk, Umut"]
[Black "Tsaknakis, Zisis"]
[Result "1/2-1/2"]
[WhiteElo "1949"]
[BlackElo "2305"]
[PlyCount "111"]
[EventDate "2024.08.06"]
[EventType "swiss"]
[EventRounds "9"]
[EventCountry "GRE"]
[SourceTitle "EXT 2025"]
[Source "ChessBase"]
[SourceDate "2024.10.14"]
[SourceVersion "1"]
[SourceVersionDate "2024.10.14"]
[SourceQuality "1"]

1. e4 c5 2. Nf3 d6 3. d4 cxd4 4. Qxd4 Nc6 5. Bb5 Bd7 6. Bxc6 Bxc6 7. Nc3 h6 8. Bd2 e5 9. Qd3 Nf6 10. 0-0-0 Qa5 11. Kb1 Qa6 12. Rhe1 Be7 13. Bc1 0-0 14. Qxa6 bxa6 15. b3 Rfd8 16. Ba3 Bf8 17. Nd5 Nxd5 18. exd5 Bd7 19. Nd2 Bb5 20. c4 Be8 21. g4 Bd7 22. f3 f5 23. gxf5 Bxf5+ 24. Ne4 a5 25. Kb2 Rac8 26. Nc3 g6 27. Ne4 Rc7 28. Kc3 Rf7 29. Rf1 Be7 30. c5 dxc5 31. Kc4 Bf8 32. Rfe1 Bxe4 33. Rxe4 Rxf3 34. Bxc5 Bxc5 35. Kxc5 Rc3+ 36. Rc4 Rc8+ 37. Kd6 R3xc4 38. bxc4 Rxc4 39. Kxe5 Kf7 40. Rd2 Ke7 41. Rf2 Rc5 42. Rb2 a6 43. Rb7+ Kf8 44. Kf6 Rb5 45. Ra7 Rb6+ 46. Ke5 Ke8 47. a4 h5 48. h4 Kd8 49. Ra8+ Kd7 50. Ra7+ Ke8 51. Ra8+ Kd7 52. Ra7+ Kd8 53. Ra8+ Kd7 54. Ra7+ Kd8 55. Ra8+ Kd7 56. Ke4 1/2-1/2

[Event "TUR-ch U14"]
[Site "Belek Antalya"]
[Date "2024.01.26"]
[Round "8"]
[White "Edis, Kuzey"]
[Black "Ucoluk, Umut"]
[Result "1-0"]
[WhiteElo "1377"]
[BlackElo "1789"]
[PlyCount "91"]
[EventDate "2024.01.21"]
[EventType "swiss"]
[EventRounds "9"]
[EventCountry "TUR"]
[SourceTitle "EXT 2025"]
[Source "ChessBase"]
[SourceDate "2024.10.14"]
[SourceVersion "1"]
[SourceVersionDate "2024.10.14"]
[SourceQuality "1"]

1. e4 c5 2. Nf3 Nc6 3. c3 d5 4. exd5 Qxd5 5. d4 Bf5 6. Be3 cxd4 7. Nxd4 Nf6 8. Nxf5 Qxf5 9. Qb3 0-0-0 10. Bb5 Ne5 11. Nd2 Kb8 12. 0-0-0 e6 13. Nf3 Be7 14. Qa4 Nd5 15. Qxa7+ Kc8 16. Nxe5 Qxe5 17. Qa8+ Qb8 18. Qxb8+ Kxb8 19. Bd4 f6 20. Bc4 e5 21. Bxd5 exd4 22. Rxd4 Bc5 23. Rd2 Bxf2 24. Rxf2 Rxd5 25. Re1 Rhd8 26. Re7 R8d7 27. Rxd7 Rxd7 28. Kc2 Kc7 29. b4 Kc6 30. Kb3 Rd1 31. a4 Kd6 32. a5 Kc6 33. Kc4 Rd5 34. Re2 Rg5 35. b5+ Kd6 36. Kb4 h5 37. c4 h4 38. h3 Rf5 39. Rd2+ Kc7 40. b6+ Kc8 41. c5 Rf1 42. Rb2 Ra1 43. Kb5 f5 44. c6 bxc6+ 45. Kxc6 Rxa5 46. Re2 1-0

[Event "Skopje op-A"]
[Site "Skopje"]
[Date "2023.12.11"]
[Round "8"]
[White "Ucoluk, Umut"]
[Black "Kyparissopoulos, Spyridon"]
[Result "1-0"]
[WhiteElo "1681"]
[BlackElo "1847"]
[PlyCount "81"]
[EventDate "2023.12.06"]
[EventType "swiss"]
[EventRounds "9"]
[EventCountry "MKD"]
[SourceTitle "EXT 2025"]
[Source "ChessBase"]
[SourceDate "2024.10.14"]
[SourceVersion "1"]
[SourceVersionDate "2024.10.14"]
[SourceQuality "1"]

1. e4 c5 2. Nf3 Nc6 3. Bb5 e6 4. 0-0 Nge7 5. d4 cxd4 6. Nxd4 Qb6 7. Bxc6 bxc6 8. c4 Ng6 9. Nc3 Be7 10. b3 0-0 11. Be3 Qc7 12. Rc1 a6 13. c5 f5 14. exf5 exf5 15. Na4 f4 16. Bd2 Rb8 17. b4 Bb7 18. Re1 f3 19. Nxf3 d5 20. Nb6 Bc8 21. Nxc8 Qxc8 22. Qe2 Kh8 23. Qe6 Qc7 24. Ne5 Nxe5 25. Qxe5 Qxe5 26. Rxe5 Bf6 27. Re6 Bd4 28. Rf1 Rg8 29. g3 a5 30. a3 axb4 31. axb4 Rbe8 32. Rxc6 Re2 33. Be3 Bc3 34. Rd6 Bxb4 35. Rxd5 Rc2 36. Rb1 Ba5 37. Rd7 Ra8 38. Rbb7 Bc3 39. c6 Be5 40. c7 Rf8 41. Bb6 1-0

[Event "Skopje op-A"]
[Site "Skopje"]
[Date "2023.12.09"]
[Round "5"]
[White "Trajkovski, Mile"]
[Black "Ucoluk, Umut"]
[Result "0-1"]
[WhiteElo "1952"]
[BlackElo "1681"]
[PlyCount "72"]
[EventDate "2023.12.06"]
[EventType "swiss"]
[EventRounds "9"]
[EventCountry "MKD"]
[SourceTitle "CBM 217 Extra"]
[Source "ChessBase"]
[SourceDate "2024.01.31"]
[SourceVersion "1"]
[SourceVersionDate "2024.01.31"]
[SourceQuality "1"]

1. g3 Nf6 2. Bg2 g6 3. e4 d6 4. d4 Bg7 5. c4 0-0 6. Nc3 Nbd7 7. Nf3 e5 8. 0-0 exd4 9. Nxd4 Re8 10. Nc2 Ne5 11. b3 Nfd7 12. Bb2 Nc5 13. Ne1 a5 14. a4 Nc6 15. f3 Nd4 16. Ra3 c6 17. Kh1 Ra6 18. Nb1 Nce6 19. f4 f5 20. exf5 Nxf5 21. Bxg7 Kxg7 22. Nc2 h5 23. Nc3 Nc5 24. Re1 Rb6 25. Rxe8 Qxe8 26. Nd4 Qe3 27. Nce2 Nd3 28. Nxf5+ Bxf5 29. Qf1 Bg4 30. Ra2 Nf2+ 31. Kg1 Nh3+ 32. Kh1 Rxb3 33. Ng1 Kh7 34. f5 Bxf5 35. Re2 Qd3 36. Nf3 Rb1 0-1

[Event "Skopje op-A"]
[Site "Skopje"]
[Date "2023.12.08"]
[Round "3"]
[White "Nikolovski, David"]
[Black "Ucoluk, Umut"]
[Result "0-1"]
[WhiteElo "1889"]
[BlackElo "1681"]
[PlyCount "78"]
[EventDate "2023.12.06"]
[EventType "swiss"]
[EventRounds "9"]
[EventCountry "MKD"]
[SourceTitle "CBM 217 Extra"]
[Source "ChessBase"]
[SourceDate "2024.01.31"]
[SourceVersion "1"]
[SourceVersionDate "2024.01.31"]
[SourceQuality "1"]

1. d4 Nf6 2. Nc3 d5 3. Bf4 e6 4. Nb5 Na6 5. e3 Be7 6. Nf3 0-0 7. h4 c6 8. Nc3 c5 9. Bxa6 bxa6 10. Ne5 Bb7 11. h5 h6 12. 0-0 Rc8 13. Na4 cxd4 14. exd4 Ne4 15. c3 Qe8 16. Rc1 Qb5 17. b4 Rfd8 18. Nc5 Ba8 19. a4 Qe8 20. Nxe4 dxe4 21. a5 Bf6 22. Ng4 Be7 23. Ne5 Bd6 24. Qg4 Kh7 25. Rfe1 Bxe5 26. Bxe5 f6 27. Bf4 Qf7 28. Re3 Rxd4 29. Rg3 Rd5 30. Rh3 f5 31. Qe2 e5 32. Bd2 Qd7 33. Be1 Rd3 34. Rxd3 Qxd3 35. Qxd3 exd3 36. Bd2 Rc4 37. Re1 Rg4 38. Rxe5 Rxg2+ 39. Kf1 Rh2 0-1

[Event "Mersin op-B 7th"]
[Site "Mersin"]
[Date "2023.11.18"]
[Round "9"]
[White "Ucoluk, Umut"]
[Black "Babazade, Zhala Sharafaddin Q"]
[Result "1-0"]
[WhiteElo "1717"]
[BlackElo "1683"]
[PlyCount "69"]
[EventDate "2023.11.12"]
[EventType "swiss"]
[EventRounds "9"]
[EventCountry "TUR"]
[SourceTitle "CBM 217 Extra"]
[Source "ChessBase"]
[SourceDate "2024.01.31"]
[SourceVersion "1"]
[SourceVersionDate "2024.01.31"]
[SourceQuality "1"]

1. e4 c5 2. Nf3 Nc6 3. Bb5 d6 4. 0-0 Bd7 5. Re1 a6 6. Bf1 Bg4 7. c3 Ne5 8. d4 cxd4 9. cxd4 Nxf3+ 10. gxf3 Bd7 11. Nc3 e6 12. Be3 h5 13. Qd2 Be7 14. Rad1 g5 15. f4 gxf4 16. Bxf4 Rh7 17. Bg2 Rg7 18. Kh1 Qa5 19. b4 Qb6 20. Rc1 h4 21. h3 Rd8 22. a3 Bf8 23. Be3 Rb8 24. d5 Qd8 25. e5 dxe5 26. f4 Nf6 27. fxe5 Nxd5 28. Bxd5 exd5 29. Nxd5 Bc6 30. Rxc6 bxc6 31. Nf6+ Ke7 32. Bc5+ Ke6 33. Qa2+ Kf5 34. Rf1+ Kxe5 35. Qe2# 1-0

[Event "Mersin op-B 7th"]
[Site "Mersin"]
[Date "2023.11.15"]
[Round "5"]
[White "Sokani, Fahed"]
[Black "Ucoluk, Umut"]
[Result "1-0"]
[WhiteElo "1676"]
[BlackElo "1717"]
[PlyCount "111"]
[EventDate "2023.11.12"]
[EventType "swiss"]
[EventRounds "9"]
[EventCountry "TUR"]
[SourceTitle "CBM 217 Extra"]
[Source "ChessBase"]
[SourceDate "2024.01.31"]
[SourceVersion "1"]
[SourceVersionDate "2024.01.31"]
[SourceQuality "1"]

1. d4 Nf6 2. Bf4 e6 3. e3 d5 4. Nf3 Bd6 5. Bd3 c5 6. c3 0-0 7. Ne5 Qc7 8. Bg3 Nbd7 9. f4 b6 10. Nd2 a5 11. Bh4 Ba6 12. Bxa6 Rxa6 13. Qe2 Raa8 14. a4 Ne4 15. Nxe4 dxe4 16. Nc4 Rfc8 17. Nxd6 Qxd6 18. 0-0 f5 19. g4 c4 20. Rf2 Rab8 21. Rg2 b5 22. gxf5 exf5 23. Qh5 Qe6 24. axb5 Rxb5 25. Bg5 Rcb8 26. Bh6 g6 27. Qh4 Nb6 28. Qe1 Qc6 29. h4 Nd5 30. Ra2 Ra8 31. h5 Kf7 32. hxg6+ hxg6 33. Rh2 Nf6 34. Bg5 Nh5 35. Qh4 Qd7 36. Qe1 a4 37. Qe2 Qc6 38. Qd1 Rd5 39. Qc2 Rd7 40. Kg2 Ra5 41. Rh1 Rb7 42. Rha1 Rb3 43. Qd2 Rab5 44. Kh3 Ra5 45. Qf2 Ra7 46. Qh4 Qb5 47. Qf2 Rb7 48. Rxa4 Rxb2 49. Qf1 Rc7 50. Ra7 Qd7 51. Qxc4+ Rxc4 52. Rxd7+ Ke6 53. Raa7 Rb5 54. Re7+ Kd6 55. Rad7+ Kc6 56. Rc7+ 1-0